000
00300nam a22001337a 4500
008
210303b ||||| |||| 00| 0 eng d
020
_a
9781599849881
041
_a
eng
080
_2
3th
_a
611
100
_a
7
101
_a
ANA
245
_a
Anatomy and Physiology II
_c
Wingerd,D.B
942
_2
udc
_c
BK
999
_c
55561
_d
55561